<?xml version="1.0" encoding="UTF-8"?>
<record
    xmlns:xsi="http://www.w3.org/2001/XMLSchema-instance"
    xsi:schemaLocation="http://www.loc.gov/MARC21/slim http://www.loc.gov/standards/marcxml/schema/MARC21slim.xsd"
    xmlns="http://www.loc.gov/MARC21/slim">

  <leader>01902cam a22003014a 4500</leader>
  <controlfield tag="001">3409110</controlfield>
  <controlfield tag="005">20220326193318.0</controlfield>
  <controlfield tag="008">021122s2002    gw a     bc   000 0 ger  </controlfield>
  <datafield tag="010" ind1=" " ind2=" ">
    <subfield code="a">  2003443634</subfield>
  </datafield>
  <datafield tag="016" ind1="7" ind2=" ">
    <subfield code="a">96515369X</subfield>
    <subfield code="2">GyFmDB</subfield>
  </datafield>
  <datafield tag="020" ind1=" " ind2=" ">
    <subfield code="a">393309688X</subfield>
  </datafield>
  <datafield tag="035" ind1=" " ind2=" ">
    <subfield code="a">(NNC)3409110</subfield>
  </datafield>
  <datafield tag="035" ind1=" " ind2=" ">
    <subfield code="a">(OCoLC)ocm51061465 </subfield>
  </datafield>
  <datafield tag="040" ind1=" " ind2=" ">
    <subfield code="a">DLC</subfield>
    <subfield code="c">DLC</subfield>
    <subfield code="d">OHX</subfield>
    <subfield code="d">CUY</subfield>
  </datafield>
  <datafield tag="042" ind1=" " ind2=" ">
    <subfield code="a">pcc</subfield>
  </datafield>
  <datafield tag="049" ind1=" " ind2=" ">
    <subfield code="a">ZCUA</subfield>
  </datafield>
  <datafield tag="082" ind1="0" ind2="0">
    <subfield code="a">708</subfield>
    <subfield code="b">A727ar</subfield>
  </datafield>
  <datafield tag="100" ind1="0" ind2=" ">
    <subfield code="a">Armando,</subfield>
    <subfield code="d">1929-</subfield>
    <subfield code="9">2444</subfield>
  </datafield>
  <datafield tag="245" ind1="1" ind2="0">
    <subfield code="a">Armando /</subfield>
    <subfield code="c">Neues Museum, Staatliches Museum f&#xFC;r Kunst und Design in N&#xFC;rnberg.</subfield>
  </datafield>
  <datafield tag="260" ind1=" " ind2=" ">
    <subfield code="a">N&#xFC;rnberg :</subfield>
    <subfield code="b">Verlag f&#xFC;r moderne Kunst,</subfield>
    <subfield code="c">c2002.</subfield>
  </datafield>
  <datafield tag="300" ind1=" " ind2=" ">
    <subfield code="a">192 p. :</subfield>
    <subfield code="b">ill. (some col.) ;</subfield>
    <subfield code="c">29 cm.</subfield>
  </datafield>
  <datafield tag="500" ind1=" " ind2=" ">
    <subfield code="a">Catalog of an exhibition held at the Neues Museum, Staatliches Museum f&#xFC;r Kunst und Design in N&#xFC;rnberg, Sept. 20-Nov. 17, 2002.</subfield>
  </datafield>
  <datafield tag="504" ind1=" " ind2=" ">
    <subfield code="a">Includes bibliographical references (p. 180-190).</subfield>
  </datafield>
  <datafield tag="505" ind1=" " ind2=" ">
    <subfield code="t">Vorwort</subfield>
    <subfield code="t">Ein grober schander Mann</subfield>
    <subfield code="r">Lucius Grisebach</subfield>
    <subfield code="t">Uber Armando</subfield>
    <subfield code="r">Rudi Fuchs</subfield>
    <subfield code="t">Armando und die romantische tradition</subfield>
    <subfield code="r">Franck Gribling</subfield>
    <subfield code="t">Die Quellen </subfield>
    <subfield code="r">Libuse Brozkova-Dolezalova</subfield>
    <subfield code="t">Texte von armando uber kunst </subfield>
    <subfield code="r">Die parabel vom Meer und der Knopfdose uber die Schonheit </subfield>
    <subfield code="t">Werke der Ausstellung </subfield>
    <subfield code="t">Die Hand als  schuldiger Pars pro toto. Thematik und sprache von armandos literarischem </subfield>
    <subfield code="r">Trudie Favie</subfield>
    <subfield code="t">Der Krieg als Maskerade: Armandos strabe und Gesrupp</subfield>
    <subfield code="r">Rolf Wolfswinkel</subfield>
    <subfield code="t">Ich Nenne es Schuldige Landschaft </subfield>
    <subfield code="r">Armando in einem interview mit Wam de moor </subfield>
    <subfield code="t">Texte von Armando </subfield>
    <subfield code="r">Fetzen 152, Herbst 154, Kleine Vorkommnisse 156, Tiergesprache : der hase, Der Kranich, Die Maus 159 </subfield>
    <subfield code="t">Armando, Cherry Duyns  und Mark Smeets </subfield>
    <subfield code="r">Herrenleid </subfield>
    <subfield code="t">Eine Rede </subfield>
    <subfield code="r">Cherry duyns </subfield>
    <subfield code="t">Armando als Musiker - Einige Erinnerungen </subfield>
    <subfield code="r">Martijn Sanders </subfield>
    <subfield code="t">Biografie </subfield>
    <subfield code="t">Anhang </subfield>
  </datafield>
  <datafield tag="600" ind1="0" ind2="0">
    <subfield code="a">Armando,</subfield>
    <subfield code="d">1929-</subfield>
    <subfield code="v">Exhibitions.</subfield>
    <subfield code="9">2445</subfield>
  </datafield>
  <datafield tag="650" ind1=" " ind2=" ">
    <subfield code="a">Modern art</subfield>
    <subfield code="z">Neues Museum (Nuremberg, Germany)</subfield>
    <subfield code="9">2446</subfield>
  </datafield>
  <datafield tag="710" ind1="2" ind2=" ">
    <subfield code="a">Neues Museum (Nuremberg, Germany)</subfield>
    <subfield code="9">2447</subfield>
  </datafield>
  <datafield tag="999" ind1=" " ind2=" ">
    <subfield code="c">530</subfield>
    <subfield code="d">530</subfield>
  </datafield>
  <datafield tag="952" ind1=" " ind2=" ">
    <subfield code="0">0</subfield>
    <subfield code="1">0</subfield>
    <subfield code="2">ddc</subfield>
    <subfield code="4">0</subfield>
    <subfield code="7">0</subfield>
    <subfield code="a">LV</subfield>
    <subfield code="b">LV</subfield>
    <subfield code="c">Monograf&#xED;as</subfield>
    <subfield code="d">2015-04-22</subfield>
    <subfield code="l">0</subfield>
    <subfield code="o">708 A727ar</subfield>
    <subfield code="p">000579</subfield>
    <subfield code="r">2015-04-22 00:00:00</subfield>
    <subfield code="w">2015-04-22</subfield>
    <subfield code="y">01</subfield>
  </datafield>
</record>
